000 00535nam a2200181Ia 4500
003 GCL
008 140319s9999 xx 000 0 ara d
040 _aGCL /
_cGCL
082 0 4 _a239.7
_bا ر
100 1 _aاحمد شلبى
245 1 0 _aالرسول فى بيته : صلوات الله وسلامه عليه /
_cاحمد شلبى
300 _a157 ص
490 _a
650 0 4 _aالاسلام
650 0 4 _aالسيرة النبوية
650 0 4 _aزوجات النبى صلى الله عليه وسلم
942 _2ddc
_cBK
999 _c45433
_d45433